000 00709nam a22001817a 4500
999 _c7570
_d7570
001 21230
003 BD-DhUAP
005 20210124130334.0
008 210124s2004 bg ||||| |||| 00| 0 ben d
040 _aBD-DhUAP
_bBen
_cBD-DhUAP
_dBD-DhUAP
082 _223
_a297 REN
100 _aরেণু, আজ্ব-মোমতাজ্ব।
245 _aমেরি সুরাত তেরা আয়না /
_cআজ্ব-মোমতাজ্ব রেণু।
260 _aঢাকা :
_bলালমাটিয়া হাউজিং স্টেট,
_c২০০৪।
300 _aবিভিন্ন পৃষ্ঠা ;
_c২৪ সেমি.।
650 _aIslamic songs.
942 _2ddc
_cBK